[Event "Wch-ch U10 rapid"]
[Site "Minsk"]
[Date "2019.08.17"]
[Round "5"]
[White "Shidlovskij, Artem"]
[Black "Toktomushev, Teimur"]
[Result "0-1"]
[WhiteElo "1466"]
[BlackElo "1982"]
[PlyCount "82"]
[EventDate "2019.08.16"]
[EventType "swiss (rapid)"]
[EventRounds "9"]
[EventCountry "BLR"]
[SourceTitle "EXT 2020"]
[Source "ChessBase"]
[SourceDate "2019.10.17"]
[SourceVersion "1"]
[SourceVersionDate "2019.10.17"]
[SourceQuality "1"]

1. d4 Nf6 2. c4 c5 3. d5 b5 4. cxb5 a6 5. e3 g6 6. Nc3 Bg7 7. Nf3 0-0 8. a4 axb5 9. Bxb5 Ba6 10. 0-0 d6 11. Bd2 Bxb5 12. axb5 Nbd7 13. Qb3 Qc7 14. Ra3 Qb7 15. e4 Rfb8 16. Rfa1 Rxa3 17. bxa3 Nxe4 18. Re1 Nxc3 19. Bxc3 Qxb5 20. Qxb5 Rxb5 21. Bxg7 Kxg7 22. Rxe7 Rb1+ 23. Re1 Rxe1+ 24. Nxe1 Nb6 25. Nd3 Nxd5 26. a4 Nb4 27. Nb2 Kf6 28. Kf1 Ke5 29. Ke2 d5 30. Nd1 Kd6 31. Kd2 Kc6 32. Nc3 c4 33. Ke3 Kc5 34. Ne2 Nc6 35. Kd2 d4 36. f3 Kb4 37. Nf4 Kxa4 38. Nd5 Kb3 39. h4 c3+ 40. Kc1 Nb4 41. Nf4 d3 0-1

[Event "Wch-ch U10 rapid"]
[Site "Minsk"]
[Date "2019.08.16"]
[Round "3"]
[White "Shidlovskij, Artem"]
[Black "Krasnoperov, Platon"]
[Result "1/2-1/2"]
[WhiteElo "1466"]
[BlackElo "1810"]
[PlyCount "175"]
[EventDate "2019.08.16"]
[EventType "swiss (rapid)"]
[EventRounds "9"]
[EventCountry "BLR"]
[SourceTitle "EXT 2020"]
[Source "ChessBase"]
[SourceDate "2019.10.17"]
[SourceVersion "1"]
[SourceVersionDate "2019.10.17"]
[SourceQuality "1"]

1. d4 d5 2. c4 e6 3. Nf3 c6 4. Nc3 dxc4 5. a4 Bb4 6. e4 b5 7. Bd2 Bxc3 8. Bxc3 Nf6 9. Qc2 0-0 10. Be2 a6 11. 0-0 Bb7 12. e5 Nd5 13. Bd2 Nd7 14. Ng5 g6 15. Ne4 c5 16. Nd6 Qc7 17. axb5 cxd4 18. Qxc4 Rab8 19. Qxc7 Nxc7 20. bxa6 Bd5 21. b4 Nxe5 22. Rfc1 Na8 23. Bf4 f6 24. Bxe5 fxe5 25. Rcb1 Rfd8 26. Nc4 e4 27. Ne5 d3 28. Bd1 Kg7 29. f3 Rb6 30. fxe4 Bxe4 31. Nc4 Rbb8 32. Bf3 Bxf3 33. gxf3 Rbc8 34. Ne5 Kf6 35. Ng4+ Kf5 36. b5 Nb6 37. Ne3+ Kf4 38. Kf2 e5 39. Rb4+ Rd4 40. Ng2+ Kf5 41. Ne3+ Ke6 42. Rxd4 exd4 43. Ng2 Rc2+ 44. Kf1 Rb2 45. Nf4+ Kd6 46. Nxd3 Rxb5 47. a7 Na8 48. Ra6+ Rb6 49. Ra4 Kd5 50. Ra5+ Kc4 51. Ne5+ Kc3 52. Ra3+ Kb2 53. Rd3 Rb7 54. Rxd4 Rxa7 55. Kg2 Nc7 56. Rd7 Kc3 57. Rxh7 Ra2+ 58. Kg3 Ne6 59. Nxg6 Kd4 60. Rd7+ Kc5 61. h4 Ra1 62. Rd2 Ng7 63. Rg2 Ra6 64. Kf4 Rf6+ 65. Ke4 Nh5 66. Rg5+ Kd6 67. Rxh5 Rxg6 68. f4 Rg8 69. f5 Ke7 70. Kf4 Rg1 71. Rg5 Rf1+ 72. Kg4 Kf6 73. Rg6+ Kf7 74. h5 Rg1+ 75. Kf4 Rh1 76. h6 Rf1+ 77. Ke4 Re1+ 78. Kd3 Rf1 79. Rg5 Rh1 80. Rg6 Rf1 81. Ke4 Re1+ 82. Kd3 Rf1 83. Rg5 Rh1 84. h7 Rxh7 85. Ke4 Rh4+ 86. Ke5 Rh1 87. Rg4 Re1+ 88. Re4 1/2-1/2

[Event "Wch U10 blitz"]
[Site "Minsk"]
[Date "2018.06.24"]
[Round "6"]
[White "Lapin, Artem"]
[Black "Shidlovskij, Artem"]
[Result "1-0"]
[WhiteElo "1648"]
[BlackElo "1450"]
[PlyCount "113"]
[EventDate "2018.06.24"]
[EventType "swiss (blitz)"]
[EventRounds "9"]
[EventCountry "BLR"]
[SourceTitle "EXT 2019"]
[Source "ChessBase"]
[SourceDate "2018.10.10"]
[SourceVersion "1"]
[SourceVersionDate "2018.10.10"]
[SourceQuality "1"]

1. e4 c5 2. Nf3 Nc6 3. d4 cxd4 4. Nxd4 e5 5. Nb3 Nf6 6. Nc3 Bb4 7. Bd3 d6 8. Bd2 Be6 9. a3 Bxc3 10. Bxc3 d5 11. exd5 Nxd5 12. 0-0 Nxc3 13. bxc3 0-0 14. Be4 Qb6 15. Qe2 Bxb3 16. Rab1 Qc5 17. Rxb3 Na5 18. Rb5 Qxc3 19. Qd3 Qxd3 20. cxd3 Nc6 21. Rxb7 Rac8 22. Rc1 Nd4 23. Rxc8 Rxc8 24. g3 a5 25. Bd5 Rf8 26. Ra7 Ne2+ 27. Kf1 Nc3 28. Bc4 a4 29. Ra5 Re8 30. Ra7 Rf8 31. Ke1 g6 32. Re7 Nb1 33. Rxe5 Nxa3 34. Ra5 Nxc4 35. dxc4 Rc8 36. Rxa4 Kg7 37. Kd2 Kf6 38. Ke3 Ke5 39. f4+ Kd6 40. Kd4 Ke6 41. g4 Rd8+ 42. Ke4 Rd6 43. Ra5 Rc6 44. c5 f5+ 45. gxf5+ gxf5+ 46. Kd4 Rc7 47. Ra6+ Kd7 48. Kd5 Ke7 49. c6 Kf7 50. Kd6 Re7 51. c7 Re6+ 52. Kd7 Re7+ 53. Kc8 Re8+ 54. Kb7 Re7 55. Kb8 Re8+ 56. c8Q Rxc8+ 57. Kxc8 1-0